Designing And Implementing Test Automation Frameworks With QTP (Record no. 335565)

MARC details
000 -LEADER
fixed length control field 00484nam a2200169Ia 4500
008 - FIXED-LENGTH DATA ELEMENTS--GENERAL INFORMATION
fixed length control field 230718s9999 xx 000 0 und d
020 ## - INTERNATIONAL STANDARD BOOK NUMBER
International Standard Book Number 9789351104063
041 ## - LANGUAGE CODE
Language code of text/sound track or separate title eng
082 ## - DEWEY DECIMAL CLASSIFICATION NUMBER
Classification number 005.1'4
Item number BHA
100 ## - MAIN ENTRY--PERSONAL NAME
Personal name Bhargava A.
9 (RLIN) 195825
245 ## - TITLE STATEMENT
Title Designing And Implementing Test Automation Frameworks With QTP
260 ## - PUBLICATION, DISTRIBUTION, ETC. (IMPRINT)
Date of publication, distribution, etc. 2013
Name of publisher, distributor, etc. Packt/SPD
300 ## - PHYSICAL DESCRIPTION
Extent 142
365 ## - TRADE PRICE
Currency code Rs.
Price amount 325.00
700 ## - ADDED ENTRY--PERSONAL NAME
Personal name Bhargava A.
9 (RLIN) 195825
906 ## - LOCAL DATA ELEMENT F, LDF (RLIN)
d O:0378820-Feb-2014B:486902-Feb-2014
c COMP
b 71.5
Holdings
Withdrawn status Lost status Damaged status Not for loan Home library Current library Date acquired Vendor Budget Code Cost, normal purchase price Bill number Total Checkouts Full call number Barcode Date last seen Discount Cost, replacement price Bill Date Koha item type Original Barcode
        Cummins College of Engineering for Women Pune Cummins College of Engineering for Women Pune 20/02/2014 Technical Book Services COMP 253.50 4869   005.1'4 CCEP-BK-46772 18/07/2023 71.5 325.00 02/02/2014 Books 046772